Największe miasta w Niemczech • A-Z - Statystyki

Ogólne statystyki
  • Ten quiz został rozwiązany 2 679 razy
  • Średni wynik to 10 z 25
Statystyki odpowiedzi
# ~Pop. Niemieckie miasto % Poprawnych
B 3,520,000 Berlin
99%
M 1,450,000 Monachium
95%
H 1,787,000 Hamburg
92%
F 733,000 Frankfurt nad Menem
84%
K 1,060,000 Kolonia
84%
L 560,000 Lipsk
67%
D 612,000 Dusseldorf
65%
S 624,000 Stuttgart
61%
N 510,000 Norymberga
60%
E 582,000 Essen
52%
A 286,000 Augsburg
41%
R 206,000 Rostock
34%
U 123,000 Ulm
27%
G 260,000 Gelsenkirchen
26%
J 110,000 Jena
26%
P 168,000 Poczdam
25%
C 242,022 Chemnitz
22%
I 132,000 Ingolstadt
22%
W 350,000 Wuppertal
19%
Z 91.123 Zwickau
14%
T 115,000 Trewir
9%
O 211,000 Oberhausen
8%
Q 25 055 Quedlinburg
3%
X 21.510 Xanten
3%
V 84.674 Villingen- Schwenningen
2%
Nie znaleziono quizów pasujących do podanych kryteriów
Rozkład punktacji
Procent ludzi z każdym wynikiem
Percentyl według liczby udzielonych odpowiedzi
Twoja historia wyników
Nie rozwiązałeś tego quizu